| 000 | 00971nam a2200241Ia 4500 | ||
|---|---|---|---|
| 999 |
_c53017 _d53017 |
||
| 001 | 20049 | ||
| 003 | GE_BSU | ||
| 005 | 20221111142947.0 | ||
| 008 | 181216s1972ge xx |||||||||||||| ||geo|| | ||
| 040 | _cGE_BSU | ||
| 041 | _ageo | ||
| 080 | _a398.2(3)(038) + 2-264(3)(038) | ||
| 100 |
_aგაფრინდაშვილი, ნოდარ _99753 |
||
| 245 |
_aმითოლოგიური ლექსიკონი / _cნოდარ გაფრინდაშვილი ; [რედ. აკ. ურუშაძე]. |
||
| 264 |
_aთბილისი : _bგანათლება, _c1972. |
||
| 300 |
_a335გვ. ; _b23სმ. |
||
| 504 | _aბიბლიოგრ. გვ. 335 | ||
| 653 | _aმითები | ||
| 653 | _aმითოლოგია | ||
| 653 | _aმითოლოგიური ლექსიკონი | ||
| 700 |
_a ურუშაძე, აკაკი _eრედაქტორი _915779 |
||
| 942 |
_cBK _2udc |
||